00389nam a2200145Ia 4500003000900000005001700009008004100026040003300067041000800100080001300108100001800121245004100139260004400180300001900224LK-CoDNM20240826152038.0010623t1930 xxu||||| |||| 00| 1 eng d aLK-CoDNMdLK-CoDNMeLK-CoDNM aeng a22 bL21 aGhoshal, U.N. aThe Agravian System in Ancient India bUniversity of CalcuttaaCalcuttac1930 b130p. ; 22 cm